[Event "Int. Stuttgarter Stadtmeisterschaft B"]
[Site "Ditzingen"]
[Date "2014.05.29"]
[Round "3.2"]
[White "Schreiber, Stephan"]
[Black "Sch�mbs, Oliver"]
[Result "1/2-1/2"]
[WhiteElo "1779"]
[BlackElo "1864"]
[PlyCount "148"]
[EventDate "2014.??.??"]
[WhiteTeam "SC Schachmatt Botnang"]
[BlackTeam "SC Ingersheim e.V."]

1. d4 Nf6 2. Bf4 d6 3. e3 g6 4. Be2 Bg7 5. h3 c5 6. c3 Qa5 7. Nf3 Be6 8. Nbd2
Nc6 9. Ng5 Bd5 10. e4 h6 11. exd5 hxg5 12. Bxd6 Nxd4 13. Nc4 Qd8 14. Bxc5 Nxe2
15. Qxe2 Rh4 16. Ne3 Rc8 17. Bd4 Kf8 18. g3 Rh8 19. O-O-O Qa5 20. Kb1 Ne4 21.
Bxg7+ Kxg7 22. Nc4 Qb5 23. Qxe4 Rxc4 24. Qe5+ Kh7 25. Qxe7 Re8 26. Qxf7+ Kh6
27. h4 gxh4 28. Rd4 Rxd4 29. cxd4 Qd3+ 30. Ka1 Qe4 31. Qf4+ Qxf4 32. gxf4 Kh5
33. f3 Re3 34. Kb1 Rd3 35. Kc2 Rxd4 36. Kc3 Rxd5 37. Rh3 Rf5 38. Kd4 Rxf4+ 39.
Ke3 Rf7 40. b3 g5 41. Rh2 Kg6 42. Rd2 Re7+ 43. Kf2 Rg7 44. Kg2 Kf5 45. Rd4 g4
46. Rd5+ Ke6 47. Rh5 h3+ 48. Kg3 gxf3+ 49. Kxf3 Rc7 50. Ke4 Rc2 51. Rh6+ Kd7
52. Rxh3 Rxa2 53. Kd5 Rd2+ 54. Kc5 Kc7 55. Rh7+ Rd7 56. Rh3 b6+ 57. Kb5 Rd5+
58. Kb4 a5+ 59. Ka4 Kc6 60. Rh4 Rd3 61. Ka3 Kb5 62. Kb2 Rg3 63. Rh5+ Kb4 64.
Rh4+ Kb5 65. Rh5+ Ka6 66. Rf5 Rg4 67. Rh5 a4 68. bxa4 Rxa4 69. Kb3 Rg4 70. Rf5
b5 71. Rf8 Rh4 72. Ra8+ Kb7 73. Rg8 Kc6 74. Rg5 Rf4 1/2-1/2

[Event "Int. Stuttgarter Stadtmeisterschaft B"]
[Site "Ditzingen"]
[Date "2014.05.29"]
[Round "3.3"]
[White "Zimmermann, Tobias"]
[Black "Shahisavandi, Abdollah"]
[Result "0-1"]
[WhiteElo "1768"]
[BlackElo "1849"]
[PlyCount "181"]
[EventDate "2014.??.??"]
[WhiteTeam "SC Schachmatt Botnang"]
[BlackTeam "Karlsruher SF 1853"]

1. e4 c5 2. Nf3 Nc6 3. d4 cxd4 4. Nxd4 d6 5. c4 Nf6 6. Nc3 e5 7. Nb3 Be6 8. Be2
Be7 9. Be3 Na5 10. Nxa5 Qxa5 11. Qd2 O-O 12. O-O Kh8 13. f3 Rfc8 14. b3 a6 15.
Na4 Qxd2 16. Bxd2 Rc6 17. Be3 Nd7 18. Rfd1 f5 19. Nc3 f4 20. Bf2 Rac8 21. Nd5
Bf8 22. Rd2 Kg8 23. Rad1 Kf7 24. g3 g5 25. Kg2 Nf6 26. Rh1 Kg6 27. h4 h6 28.
hxg5 hxg5 29. Rh8 Kg7 30. Rh2 Kf7 31. Rd1 Bg7 32. a3 Bf8 33. gxf4 gxf4 34. Rdh1
Bg7 35. Nb4 R6c7 36. Bb6 Re7 37. Nd5 Nxd5 38. cxd5 Bd7 39. Bc4 Ree8 40. Kf2 Rg8
41. Ke2 Bf6 42. Rh7+ Rg7 43. a4 Bxa4 44. Kd3 Bd7 45. R1h6 Rxh7 46. Rxh7+ Bg7
47. Kc3 Kg6 48. Rh1 Bf6 49. Kb4 Be7 50. Rg1+ Kf7 51. Rh1 Rg8 52. Rh2 Rg7 53.
Ka5 Kg8 54. Bc7 Rg3 55. Be2 Kg7 56. Kb6 Bb5 57. Bxb5 axb5 58. Rf2 Rg1 59. Kxb5
Kf7 60. b4 Ke8 61. Kb6 Rb1 62. b5 Kd7 63. Rh2 Rc1 64. Bb8 Kc8 65. Rh8+ Bd8+ 66.
Rxd8+ Kxd8 67. Bxd6 Rc3 68. Bxe5 Rxf3 69. Kxb7 Rf1 70. b6 f3 71. Bd4 Rd1 72.
Bf2 Rd2 73. Bh4+ Kd7 74. Ka6 Ra2+ 75. Kb5 f2 76. Bxf2 Rxf2 77. e5 Rb2+ 78. Kc5
Rc2+ 79. Kd4 Rc1 80. b7 Rb1 81. Kc5 Rxb7 82. Kc4 Rc7+ 83. Kd4 Rc8 84. Ke4 Rc4+
85. Kf5 Rc5 86. Ke4 Ke7 87. Kd4 Rc1 88. Ke4 Rd1 89. d6+ Ke6 90. Kf4 Rd4+ 91.
Ke3 0-1

[Event "Int. Stuttgarter Stadtmeisterschaft B"]
[Site "Ditzingen"]
[Date "2014.05.29"]
[Round "3.4"]
[White "Winkler, Tim"]
[Black "Narr, Matthias"]
[Result "0-1"]
[WhiteElo "1827"]
[BlackElo "1743"]
[PlyCount "94"]
[EventDate "2014.??.??"]
[WhiteTeam "SF Deizisau"]
[BlackTeam "SR Heuberg-Gosheim"]

1. e4 d5 2. exd5 Qxd5 3. d4 Nf6 4. Nf3 a6 5. h3 b5 6. c3 Bb7 7. Be3 Nbd7 8.
Nbd2 c5 9. dxc5 Nxc5 10. Bxc5 Qxc5 11. Nb3 Qb6 12. Qd4 Qxd4 13. Nfxd4 Rc8 14.
O-O-O e6 15. f3 Be7 16. Kb1 Nd5 17. Na5 Ba8 18. Bd3 Bd8 19. Nab3 Bb6 20. Rhe1
O-O 21. g3 Bc7 22. f4 Bb6 23. Be4 Rfd8 24. a3 Nxc3+ 25. bxc3 Bxe4+ 26. Rxe4
Rxc3 27. Rc1 Rxg3 28. Rc6 f5 29. Rexe6 Bxd4 30. Nxd4 Rxd4 31. Rc8+ Kf7 32. Rxa6
Rd7 33. Rc5 g6 34. Rxb5 Rxh3 35. a4 Rh2 36. Rc6 Rf2 37. Rb4 h5 38. a5 Rd1+ 39.
Rc1 Rxc1+ 40. Kxc1 Ra2 41. Rb7+ Ke6 42. Rb6+ Kd5 43. a6 Ke4 44. Kd1 Kxf4 45.
Rxg6 h4 46. Ke1 h3 47. Kf1 Ra1+ 0-1

[Event "Int. Stuttgarter Stadtmeisterschaft B"]
[Site "Ditzingen"]
[Date "2014.05.29"]
[Round "3.5"]
[White "Kobald, Matthias"]
[Black "Jantos, Stefan"]
[Result "0-1"]
[WhiteElo "1732"]
[BlackElo "1840"]
[PlyCount "84"]
[EventDate "2014.??.??"]
[WhiteTeam "SV Stuttgart-Wolfbusch 1956 e.V."]
[BlackTeam "SF Oeffingen e.V."]

1. d4 d5 2. c4 c6 3. Bf4 Nf6 4. Nf3 e6 5. Nc3 Bd6 6. Bxd6 Qxd6 7. c5 Qc7 8. b4
Nbd7 9. e3 O-O 10. g3 e5 11. dxe5 Nxe5 12. Nd4 Bg4 13. f3 Bd7 14. Bg2 Nc4 15.
Qd3 Nxe3 16. Qxe3 Rfe8 17. Ne4 dxe4 18. O-O Nd5 19. Qb3 Qe5 20. Rad1 e3 21. f4
Qh5 22. Rfe1 e2 23. Rd2 Re3 24. Rd3 Rxd3 25. Qxd3 Nxb4 26. Qc4 Na6 27. Rxe2
Qxc5 28. Qd3 Bg4 29. Re5 Qc1+ 30. Kf2 Nb4 31. Qe4 Qd2+ 32. Kg1 Qd1+ 33. Bf1 Rf8
34. Re8 Bh3 35. Rxf8+ Kxf8 36. Ne6+ fxe6 37. Qxb4+ Kg8 38. Qc4 Qxf1+ 39. Qxf1
Bxf1 40. Kxf1 Kf7 41. Ke2 Kf6 42. Kd3 e5 0-1

[Event "Int. Stuttgarter Stadtmeisterschaft B"]
[Site "Ditzingen"]
[Date "2014.05.29"]
[Round "3.6"]
[White "Wei�enberger, Mario"]
[Black "Bried, Martin"]
[Result "1-0"]
[WhiteElo "1673"]
[BlackElo "1820"]
[PlyCount "101"]
[EventDate "2014.??.??"]
[WhiteTeam "Ssg Fils-Lauter e. V."]
[BlackTeam "SpVgg Rommelshausen"]

1. f4 Nf6 2. Nf3 c5 3. e3 Nc6 4. c3 e6 5. d4 d5 6. Bd2 Ne4 7. Bd3 Nxd2 8. Nbxd2
c4 9. Bc2 Be7 10. O-O Bd7 11. b3 b5 12. Ne5 Nxe5 13. fxe5 Bg5 14. Qf3 O-O 15.
Qh3 h6 16. b4 f5 17. Rae1 a5 18. a3 axb4 19. axb4 Ra3 20. Nb1 Ra2 21. Rf2 Be8
22. g3 Qe7 23. Bxf5 Rxf5 24. Rxa2 Bg6 25. Qg2 Rf8 26. Nd2 h5 27. h4 Bh6 28. Ra6
Bf5 29. Kh2 Qb7 30. Ra5 Ra8 31. Rxa8+ Qxa8 32. Nf3 Qa3 33. Qd2 Qa8 34. Qb2 Kf7
35. Ra1 Qb8 36. Qf2 Kg6 37. Ng1 Kh7 38. Ne2 g5 39. hxg5 Bxg5 40. Nf4 Kh6 41.
Kg1 Qg8 42. Ra5 h4 43. Rxb5 h3 44. Kh2 Qe8 45. Rc5 Qa4 46. Nxh3 Bxh3 47. Kxh3
Qd1 48. Qf8+ Kg6 49. Qg8+ Kh6 50. Qxe6+ Kh5 51. Qf7+ 1-0

[Event "Int. Stuttgarter Stadtmeisterschaft B"]
[Site "Ditzingen"]
[Date "2014.05.29"]
[Round "3.7"]
[White "Graf, Maximilian"]
[Black "Ziegler, Michael"]
[Result "1-0"]
[WhiteElo "1796"]
[BlackElo "1722"]
[PlyCount "47"]
[EventDate "2014.??.??"]
[WhiteTeam "SK e4 Gerlingen"]
[BlackTeam "SF 59 Kornwestheim"]

1. e4 c5 2. Nf3 d6 3. d4 cxd4 4. Nxd4 Bd7 5. c4 Nf6 6. Nc3 Nc6 7. Be2 g6 8. Be3
Bg7 9. h3 O-O 10. Qc2 Rc8 11. f4 b6 12. Rd1 Nxd4 13. Bxd4 Bc6 14. Qd3 Ba8 15.
O-O Ne8 16. f5 Bxd4+ 17. Qxd4 g5 18. Qe3 h6 19. h4 f6 20. hxg5 fxg5 21. Qh3 Kg7
22. Qh5 Rh8 23. Qg6+ Kf8 24. Bh5 1-0

[Event "Int. Stuttgarter Stadtmeisterschaft B"]
[Site "Ditzingen"]
[Date "2014.05.29"]
[Round "3.8"]
[White "Bausch, Raimund"]
[Black "Bausch, Jean"]
[Result "0-1"]
[WhiteElo "1608"]
[BlackElo "1791"]
[PlyCount "94"]
[EventDate "2014.??.??"]
[WhiteTeam "Stuttgarter SF 1879"]
[BlackTeam "SC Unterhaching e.V."]

1. c4 e6 2. Nc3 Nf6 3. e4 Nc6 4. Nf3 d6 5. d4 Be7 6. Bd3 O-O 7. O-O e5 8. d5
Nb4 9. Bb1 c5 10. dxc6 Nxc6 11. b3 a6 12. Ba3 Bg4 13. Qd3 Bxf3 14. Qxf3 Nd4 15.
Qd3 Rc8 16. Nd5 Nxd5 17. exd5 f5 18. f4 e4 19. Qd2 Bf6 20. Bb2 Qb6 21. Kh1 Rfe8
22. Re1 Nxb3 23. axb3 Bxb2 24. Qxb2 Rxc4 25. Bd3 Rc5 26. Bc4 Rxc4 27. Qe2 Rb4
28. Qc2 Rxb3 29. Rab1 Rxb1 30. Rxb1 Qd4 31. Rxb7 Qxd5 32. Rc7 Qd4 33. h3 Qd5
34. Qa4 Qe6 35. Qxa6 Re7 36. Rc6 Rd7 37. Rc8+ Kf7 38. Qa8 d5 39. Rc6 Qe7 40. g4
fxg4 41. hxg4 Qh4+ 42. Kg2 Qxg4+ 43. Kh1 e3 44. Rc8 e2 45. Rf8+ Kg6 46. Qc6+
Kh5 47. Re8 Qf3+ 0-1

[Event "Int. Stuttgarter Stadtmeisterschaft B"]
[Site "Ditzingen"]
[Date "2014.05.29"]
[Round "3.9"]
[White "Mavropoulos, Georgios"]
[Black "Atasoy, Tarik"]
[Result "1/2-1/2"]
[WhiteElo "1886"]
[BlackElo "1700"]
[PlyCount "36"]
[EventDate "2014.??.??"]
[WhiteTeam "DJK Stuttgart-S�d"]
[BlackTeam "Schachverein Letmathe 1933 e.V."]

1. e4 c5 2. Nf3 d6 3. c4 Nf6 4. Nc3 e6 5. d4 cxd4 6. Nxd4 Nc6 7. Be3 Be7 8. Be2
O-O 9. O-O a6 10. Rc1 Qc7 11. Qc2 Bd7 12. Rfd1 Nxd4 13. Bxd4 Bc6 14. f3 Qa5 15.
Bf1 Qg5 16. Qf2 Rac8 17. Be3 Qa5 18. a3 Qc7 1/2-1/2

[Event "Int. Stuttgarter Stadtmeisterschaft B"]
[Site "Ditzingen"]
[Date "2014.05.29"]
[Round "3.10"]
[White "Schmidt, Heiko"]
[Black "Lehmann, Stefan"]
[Result "0-1"]
[WhiteElo "1578"]
[BlackElo "1866"]
[PlyCount "50"]
[EventDate "2014.??.??"]
[WhiteTeam "SC Stetten a.d.F."]
[BlackTeam "Ssg Fils-Lauter e. V."]

1. d4 Nf6 2. Nf3 g6 3. Bf4 Bg7 4. e3 O-O 5. Be2 d6 6. c3 Nfd7 7. Nbd2 e5 8. Bg5
f6 9. Bc4+ Kh8 10. Bh4 Nc6 11. Ng1 Qe8 12. Ne2 Nb6 13. Bd3 Bd7 14. f3 exd4 15.
exd4 Nd5 16. Bf2 Nf4 17. Ne4 Nxg2+ 18. Kf1 Bh3 19. Kg1 d5 20. Qd2 dxe4 21. Bxe4
f5 22. Bd5 f4 23. Be4 Qe7 24. Ng3 Nh4 25. Re1 Qxe4 0-1

[Event "Int. Stuttgarter Stadtmeisterschaft B"]
[Site "Ditzingen"]
[Date "2014.05.29"]
[Round "3.11"]
[White "Kozina, Vinko"]
[Black "Kusch, Jacek"]
[Result "1-0"]
[WhiteElo "1842"]
[BlackElo "1720"]
[PlyCount "111"]
[EventDate "2014.??.??"]
[WhiteTeam "TSV/RSK Esslingen"]
[BlackTeam "SV Urach"]

1. e4 e6 2. d4 d5 3. Nd2 dxe4 4. Nxe4 Nf6 5. Bd3 Nbd7 6. Nf3 Be7 7. Neg5 h6 8.
Nxe6 fxe6 9. Bg6+ Kf8 10. Qe2 Nb6 11. O-O Qd5 12. b3 Bb4 13. c4 Qd8 14. Bb2 Bd7
15. Ne5 Be8 16. Qc2 Nfd7 17. Bxe8 Nxe5 18. Bh5 Qg5 19. Qe2 Ned7 20. f4 Qe7 21.
a3 Bd6 22. c5 Nxc5 23. dxc5 Bxc5+ 24. Kh1 Nd7 25. Bg4 Re8 26. b4 Bd6 27. Bh5
Rd8 28. Rae1 Nf6 29. Bg6 h5 30. Qc4 Nd5 31. f5 Nb6 32. Qe4 e5 33. Rf3 Nd7 34.
Qc4 Rh6 35. Bc1 Nb6 36. Qe4 Rh8 37. h4 c6 38. Bg5 Qd7 39. Bxd8 Qxd8 40. Rd1 Qf6
41. b5 Nd5 42. bxc6 bxc6 43. Rb1 Ke7 44. Rb7+ Bc7 45. Rd3 Kd6 46. Qb4+ Kd7 47.
Qc5 Qxh4+ 48. Rh3 Qe1+ 49. Qg1 Qe4 50. Qd1 Kc8 51. Qb1 Qg4 52. f6 e4 53. Bxe4
Qf4 54. fxg7 Re8 55. Bf5+ Kd8 56. Bh7 1-0

[Event "Int. Stuttgarter Stadtmeisterschaft B"]
[Site "Ditzingen"]
[Date "2014.05.29"]
[Round "3.12"]
[White "Pietzka, Martin"]
[Black "Boschmann, Werner"]
[Result "1-0"]
[WhiteElo "1805"]
[BlackElo "1550"]
[PlyCount "33"]
[EventDate "2014.??.??"]
[WhiteTeam "SV N�rtingen 1920"]
[BlackTeam "SC Widdern"]

1. e4 e5 2. Nf3 Nc6 3. d4 exd4 4. Nxd4 Nf6 5. Nxc6 bxc6 6. Bd3 Bc5 7. O-O O-O
8. Nc3 d5 9. Bg5 Be7 10. h3 Nxe4 11. Bxe7 Nxc3 12. Bxh7+ Kh8 13. bxc3 Qxe7 14.
Qh5 g6 15. Bxg6+ Kg7 16. Qh7+ Kf6 17. Qh4+ 1-0

[Event "Int. Stuttgarter Stadtmeisterschaft B"]
[Site "Ditzingen"]
[Date "2014.05.29"]
[Round "3.13"]
[White "Michna, Marcus"]
[Black "Peters, Theresa"]
[Result "1-0"]
[WhiteElo "1774"]
[BlackElo "1636"]
[PlyCount "47"]
[EventDate "2014.??.??"]
[WhiteTeam "TSF Ditzingen"]
[BlackTeam "SC Hechingen"]

1. d4 Nf6 2. c4 g6 3. Nc3 Bg7 4. e4 d6 5. f3 O-O 6. Be3 e5 7. d5 c6 8. Bd3 Nbd7
9. Qd2 Nc5 10. Bc2 a5 11. Nge2 Bd7 12. dxc6 Bxc6 13. Rd1 Ne6 14. Qxd6 Qc8 15.
Qd2 Rb8 16. Nd5 Bxd5 17. cxd5 Rd8 18. Qc1 Nf8 19. O-O Rd7 20. Bd3 Rc7 21. Qd2
N8d7 22. Rc1 Nc5 23. d6 Rc6 24. Bb5 1-0

[Event "Int. Stuttgarter Stadtmeisterschaft B"]
[Site "Ditzingen"]
[Date "2014.05.29"]
[Round "3.14"]
[White "Gheng, Christian"]
[Black "Mayer, Dietmar"]
[Result "1/2-1/2"]
[WhiteElo "1686"]
[BlackElo "1758"]
[PlyCount "37"]
[EventDate "2014.??.??"]
[WhiteTeam "TSV Sch�naich"]
[BlackTeam "SC B�blingen 1975 e.V."]

1. e4 c6 2. d4 d5 3. exd5 cxd5 4. c4 Nf6 5. Nc3 Nc6 6. a3 dxc4 7. d5 Na5 8.
Bxc4 Nxc4 9. Qa4+ Qd7 10. Qxc4 e6 11. dxe6 Qxe6+ 12. Qe2 a6 13. Be3 Be7 14. Nf3
Ng4 15. Nd4 Qg6 16. Bf4 Qf6 17. Bc7 O-O 18. O-O-O Nxf2 19. Rhf1 1/2-1/2

[Event "Int. Stuttgarter Stadtmeisterschaft B"]
[Site "Ditzingen"]
[Date "2014.05.29"]
[Round "3.15"]
[White "Bannach, Joerg"]
[Black "Merk, Daniel"]
[Result "0-1"]
[WhiteElo "1863"]
[BlackElo "1677"]
[PlyCount "87"]
[EventDate "2014.??.??"]
[WhiteTeam "SF Augsburg"]
[BlackTeam "Schach-Pinguine Murrhardt e.V."]

1. e4 c6 2. d4 d5 3. exd5 cxd5 4. Bd3 Nc6 5. Be3 Nf6 6. Nc3 Bg4 7. f3 Bh5 8.
Nge2 Qb6 9. Na4 Qc7 10. O-O e6 11. Bf4 Bd6 12. Bxd6 Qxd6 13. Ng3 Bg6 14. Bxg6
hxg6 15. c3 O-O 16. Nc5 b6 17. Nd3 e5 18. dxe5 Nxe5 19. Nxe5 Qxe5 20. Re1 Qd6
21. Qd4 Rfe8 22. Kf2 Qc6 23. Ne2 g5 24. Rad1 Qc5 25. Kf1 Rad8 26. Qa4 g4 27.
fxg4 Re4 28. Rd4 Nxg4 29. h3 Ne3+ 30. Kf2 b5 31. Qb4 Qb6 32. Qb3 Nf5 33. Qd1
Nxd4 34. Nxd4 Rde8 35. Rxe4 dxe4 36. Qe2 Qf6+ 37. Ke1 a6 38. Nc2 Qe5 39. Ne3 f5
40. Qh5 Qg3+ 41. Ke2 g6 42. Qh6 Re7 43. h4 f4 44. Nd5 0-1

[Event "Int. Stuttgarter Stadtmeisterschaft B"]
[Site "Ditzingen"]
[Date "2014.05.29"]
[Round "3.16"]
[White "Ku�mann, Alexander"]
[Black "H�fele, Torsten"]
[Result "1-0"]
[WhiteElo "1657"]
[BlackElo "1855"]
[PlyCount "69"]
[EventDate "2014.??.??"]
[WhiteTeam "SC Aidlingen"]
[BlackTeam "SVG Vaihingen/Enz"]

1. e3 f5 2. c4 Nf6 3. d4 d6 4. Nf3 g6 5. Nc3 Bg7 6. Bd3 Na6 7. O-O O-O 8. Qb3
c5 9. d5 Nc7 10. Rd1 Ng4 11. Be2 Ne5 12. a4 a6 13. Bd2 Qe8 14. a5 Rb8 15. Nxe5
Bxe5 16. Na4 Na8 17. Bc3 Bf6 18. Bxf6 exf6 19. Nb6 Nxb6 20. Qxb6 Qd8 21. Qxd8
Rxd8 22. Rdb1 Bd7 23. b4 b5 24. axb6 Rxb6 25. bxc5 Rxb1+ 26. Rxb1 dxc5 27. Rb6
a5 28. Ra6 a4 29. Bd1 Rb8 30. Kf1 Rb4 31. Ra8+ Kf7 32. Ra7 Ke7 33. g4 Rb1 34.
Ke2 fxg4 35. Bxa4 1-0

[Event "Int. Stuttgarter Stadtmeisterschaft B"]
[Site "Ditzingen"]
[Date "2014.05.29"]
[Round "3.17"]
[White "Steinmassl, Guido"]
[Black "Wezel, Sebastian"]
[Result "1/2-1/2"]
[WhiteElo "1617"]
[BlackElo "1843"]
[PlyCount "55"]
[EventDate "2014.??.??"]
[WhiteTeam "SK e4 Gerlingen"]
[BlackTeam "SV Dettingen Erms"]

1. e4 c5 2. Nf3 Nc6 3. d4 cxd4 4. Nxd4 Nf6 5. Nc3 d6 6. Bg5 e6 7. f3 a6 8. Qd2
Bd7 9. O-O-O h6 10. Be3 b5 11. Nxc6 Bxc6 12. g4 Qc7 13. g5 hxg5 14. Bxg5 b4 15.
Ne2 d5 16. Bf4 e5 17. exd5 Bxd5 18. Qe3 Bd6 19. Rg1 O-O-O 20. Bg3 Bc5 21. Qxe5
Qxe5 22. Bxe5 Bxg1 23. Nxg1 Bb7 24. Bh3+ Nd7 25. Bxg7 Rh7 26. Bf6 Bc6 27. Bxd8
Kxd8 28. Rd4 1/2-1/2

[Event "Int. Stuttgarter Stadtmeisterschaft B"]
[Site "Ditzingen"]
[Date "2014.05.29"]
[Round "3.18"]
[White "R�hl, Volker"]
[Black "Tsybulevsky, Juri"]
[Result "0-1"]
[WhiteElo "1831"]
[BlackElo "1676"]
[PlyCount "130"]
[EventDate "2014.??.??"]
[WhiteTeam "VfL Sindelfingen"]
[BlackTeam "Stuttgarter SF 1879"]

1. b4 e6 2. Bb2 Nf6 3. b5 d5 4. Nf3 c5 5. e3 Nbd7 6. a4 b6 7. d3 Bb7 8. Be2 a5
9. Na3 Qc7 10. c4 Bd6 11. h3 O-O 12. Qc2 Rac8 13. O-O h6 14. Nd2 Ne8 15. Rac1
Qb8 16. cxd5 exd5 17. Qd1 f5 18. Nab1 Nef6 19. Bf3 Ne5 20. Bxe5 Bxe5 21. Nb3
Rfd8 22. d4 Bh2+ 23. Kh1 c4 24. N3d2 Bd6 25. Nc3 Ne4 26. Ndxe4 fxe4 27. Bg4 Ba3
28. Bxc8 Bxc8 29. Rc2 Be7 30. Qh5 Be6 31. f4 Bf7 32. Qd1 Qd6 33. Qe1 Bf6 34.
Qf2 Qe7 35. f5 Bg5 36. g3 Bh5 37. g4 Bf7 38. Ne2 Qa3 39. Nc3 Qd6 40. Re1 Qe7
41. Qh2 Bh4 42. Ree2 h5 43. Qe5 Qd7 44. Qf4 Qe7 45. Qe5 Qd7 46. Rg2 Bf6 47. Qg3
h4 48. Qf4 Qd6 49. g5 Qxf4 50. exf4 Bxd4 51. Rg4 Bh5 52. Rxh4 Bf3+ 53. Kh2 e3
54. Kg3 e2 55. Nxe2 Be4 56. Nxd4 Bxc2 57. Nxc2 d4 58. Kf3 d3 59. Ne3 c3 60. f6
c2 61. f7+ Kxf7 62. g6+ Kg8 63. Nf5 c1=Q 64. Rh7 Qd1+ 65. Ke4 Qe2+ 0-1

[Event "Int. Stuttgarter Stadtmeisterschaft B"]
[Site "Ditzingen"]
[Date "2014.05.29"]
[Round "3.19"]
[White "Fais, Sami"]
[Black "Mejerski, Stephan"]
[Result "1-0"]
[WhiteElo "1827"]
[BlackElo "1672"]
[PlyCount "43"]
[EventDate "2014.??.??"]
[WhiteTeam "VfL Sindelfingen"]
[BlackTeam "SK Schmiden/Cannstatt"]

1. d4 Nf6 2. Nf3 d5 3. c4 e6 4. Nc3 c6 5. Bg5 Be7 6. e3 O-O 7. Bd3 Nbd7 8. cxd5
Nxd5 9. Bxe7 Qxe7 10. Qc2 f5 11. O-O N7f6 12. Rfe1 Bd7 13. a3 Be8 14. e4 fxe4
15. Nxe4 Nxe4 16. Bxe4 g6 17. Bxd5 cxd5 18. Qe2 Bf7 19. Qe5 Rac8 20. Qxd5 Rfd8
21. Qe4 Rd5 22. Qxd5 1-0

[Event "Int. Stuttgarter Stadtmeisterschaft B"]
[Site "Ditzingen"]
[Date "2014.05.29"]
[Round "3.20"]
[White "Debeljak, Anton"]
[Black "Pocrnic, Josip"]
[Result "1-0"]
[WhiteElo "1637"]
[BlackElo "1805"]
[PlyCount "71"]
[EventDate "2014.??.??"]
[BlackTeam "SF 1954 Conweiler e.V."]

1. e4 c5 2. Nc3 Nc6 3. Bc4 g6 4. Nge2 Bg7 5. a3 a6 6. d3 d6 7. O-O Nf6 8. Bd2
O-O 9. Qc1 Re8 10. Ng3 Ng4 11. f3 Bd4+ 12. Kh1 Nf2+ 13. Rxf2 Bxf2 14. Nge2 Bh4
15. g4 Bf6 16. g5 Bg7 17. Ng3 Nd4 18. Qd1 e6 19. h4 b5 20. Ba2 Bb7 21. h5 d5
22. Kg2 Rc8 23. hxg6 hxg6 24. Rb1 Qd7 25. Nce2 dxe4 26. fxe4 Red8 27. Nf4 Nf5
28. Qe2 Nxg3 29. Kxg3 c4 30. Qg4 Bxe4 31. Ba5 Bf5 32. Qh4 Re8 33. Rh1 Be5 34.
Qh7+ Kf8 35. Bb4+ Bd6 36. Qh8+ 1-0

[Event "Int. Stuttgarter Stadtmeisterschaft B"]
[Site "Ditzingen"]
[Date "2014.05.29"]
[Round "3.21"]
[White "Rieder, Josef"]
[Black "G�nay, Nuri"]
[Result "0-1"]
[WhiteElo "1803"]
[BlackElo "1611"]
[PlyCount "100"]
[EventDate "2014.??.??"]
[WhiteTeam "Stuttgarter SF 1879"]
[BlackTeam "SK Sachsenheim"]

1. e4 e6 2. d4 d5 3. e5 c5 4. c3 Nc6 5. Nf3 Bd7 6. Be2 Qb6 7. O-O Nh6 8. Qb3
Qxb3 9. axb3 cxd4 10. cxd4 Nf5 11. Rd1 Rc8 12. Na3 a6 13. g4 Nfe7 14. Bd2 f6
15. Bf4 Ng6 16. Bg3 Na5 17. Rac1 Nxb3 18. Rxc8+ Bxc8 19. Bd3 Ne7 20. Bc2 Na5
21. Rc1 b5 22. Bh4 Kf7 23. exf6 gxf6 24. g5 Bg7 25. Kh1 b4 26. Nb1 Bd7 27. Bd3
Nb3 28. Rc7 Bc6 29. Bxa6 h6 30. g6+ Ke8 31. Bg3 Bd7 32. Bd6 Nf5 33. Bxb4 Nbxd4
34. Nxd4 Nxd4 35. Ra7 Nc6 36. Ra8+ Nd8 37. Ba5 Ke7 38. Bb4+ Ke8 39. Ba5 Ke7 40.
b4 Nc6 41. Rxh8 Bxh8 42. Bb6 f5 43. Bc5+ Kf6 44. b5 Nb8 45. Bd6 Nxa6 46. bxa6
d4 47. f4 Kxg6 48. Kg2 d3 49. Be5 Bxe5 50. fxe5 f4 0-1

[Event "Int. Stuttgarter Stadtmeisterschaft B"]
[Site "Ditzingen"]
[Date "2014.05.29"]
[Round "3.22"]
[White "Pfeilsticker, Thorsten"]
[Black "Piskaykin, Bogdan"]
[Result "0-1"]
[WhiteElo "1609"]
[BlackElo "1672"]
[PlyCount "58"]
[EventDate "2014.??.??"]
[WhiteTeam "SV Stuttgart-Wolfbusch 1956 e.V."]
[BlackTeam "SV Friedrichshafen"]

1. b4 g6 2. Bb2 Nf6 3. c4 Bg7 4. Nf3 O-O 5. e3 d5 6. cxd5 Nxd5 7. Bxg7 Kxg7 8.
Qc2 f6 9. a3 a5 10. b5 c6 11. bxc6 Nxc6 12. Nc3 Nc7 13. d4 e5 14. Rd1 exd4 15.
Bb5 Bf5 16. e4 Nxb5 17. Nxb5 Bxe4 18. Qb2 Bxf3 19. gxf3 Re8+ 20. Kf1 Qb6 21.
Rd2 Re5 22. a4 Rd8 23. f4 Re4 24. Kg2 d3 25. Rhd1 Nb4 26. f3 Rxf4 27. Re1 Qc5
28. Qc3 Qxc3 29. Nxc3 Rc4 0-1

[Event "Int. Stuttgarter Stadtmeisterschaft B"]
[Site "Ditzingen"]
[Date "2014.05.29"]
[Round "3.23"]
[White "Kissel, Ralf"]
[Black "Petzelberger, Ferdinand"]
[Result "0-1"]
[WhiteElo "1759"]
[BlackElo "1591"]
[PlyCount "106"]
[EventDate "2014.??.??"]
[WhiteTeam "SK 1912 Ludwigshafen"]
[BlackTeam "VfL Sindelfingen"]

1. e4 c6 2. d4 d5 3. Nc3 dxe4 4. Nxe4 Bf5 5. Ng3 Bg6 6. Nf3 Nd7 7. c3 Ngf6 8.
Qb3 Qc7 9. Bc4 e6 10. Bg5 Bd6 11. Nh4 O-O-O 12. Nxg6 hxg6 13. O-O-O Bf4+ 14.
Bxf4 Qxf4+ 15. Rd2 c5 16. f3 cxd4 17. Ne2 Qg5 18. Nxd4 Nb6 19. Bd3 e5 20. h4
Qe3 21. Nc2 Qf4 22. Ne1 e4 23. g3 Qe3 24. Qxf7 exd3 25. b3 Rd7 26. Qxg6 Rhd8
27. Qf5 Kb8 28. Ng2 Qe7 29. Kb2 Rd5 30. Qf4+ Ka8 31. Rhd1 Ra5 32. Qb4 Qxb4 33.
cxb4 Rad5 34. Nf4 R5d6 35. Rxd3 Rxd3 36. Rxd3 Rxd3 37. Nxd3 Nbd5 38. a3 Kb8 39.
Nc5 Ne7 40. g4 Ng6 41. g5 Nh5 42. Ne6 Kc8 43. Kc3 Kd7 44. Nxg7 Nxg7 45. b5 Nxh4
46. f4 Ng6 47. b4 Nxf4 48. a4 Nge6 49. Kc4 Nxg5 50. a5 Nf7 51. Kc5 Ne6+ 52. Kd5
Nc7+ 53. Kc4 Nd6+ 0-1

[Event "Int. Stuttgarter Stadtmeisterschaft B"]
[Site "Ditzingen"]
[Date "2014.05.29"]
[Round "3.24"]
[White "Kovac, Marijo"]
[Black "Reichardt, Bernd"]
[Result "0-1"]
[WhiteElo "1549"]
[BlackElo "1759"]
[PlyCount "64"]
[EventDate "2014.??.??"]
[WhiteTeam "SC Schachmatt Botnang"]
[BlackTeam "SF Markgr�flerland e."]

1. d4 d5 2. c4 e6 3. Nc3 c6 4. Nf3 Nf6 5. Bf4 Bd6 6. Bxd6 Qxd6 7. e3 O-O 8. Bd3
dxc4 9. Bxc4 b5 10. Bd3 b4 11. Ne4 Nxe4 12. Bxe4 f5 13. Bd3 Nd7 14. O-O h6 15.
Qb3 Kh8 16. Rac1 a5 17. Rfd1 Ba6 18. Bb1 Be2 19. Rd2 Bxf3 20. gxf3 e5 21. Qc4
Qg6+ 22. Kh1 exd4 23. Qxd4 Rad8 24. Qf4 Qf6 25. Rd6 Qxb2 26. Rxh6+ Kg8 27. Qc4+
Rf7 28. Rg1 Qxf2 29. Rh3 Ne5 30. Rxg7+ Kxg7 31. Rg3+ Qxg3 32. hxg3 Nxc4 0-1

[Event "Int. Stuttgarter Stadtmeisterschaft B"]
[Site "Ditzingen"]
[Date "2014.05.29"]
[Round "3.25"]
[White "Dallinger, Moritz"]
[Black "Notz, Lukas"]
[Result "0-1"]
[WhiteElo "1544"]
[BlackElo "1743"]
[PlyCount "84"]
[EventDate "2014.??.??"]
[WhiteTeam "SV Stuttgart-Wolfbusch 1956 e.V."]
[BlackTeam "SV Dettingen Erms"]

1. e4 c6 2. d4 d5 3. exd5 cxd5 4. Nc3 Nf6 5. Nf3 Bg4 6. h3 Bxf3 7. Qxf3 e6 8.
Bg5 Be7 9. O-O-O a6 10. Kb1 b5 11. a3 Nbd7 12. g3 h6 13. Bc1 Nb6 14. Na2 Nc4
15. b3 Nd6 16. Nb4 Qb6 17. Qc3 Rc8 18. Qb2 Nde4 19. c4 bxc4 20. bxc4 a5 21. c5
Qb8 22. Nd3 Nc3+ 23. Kc2 Qxb2+ 24. Bxb2 Nxd1 25. Kxd1 Ne4 26. g4 Rb8 27. f3
Nf2+ 28. Nxf2 Rxb2 29. Nd3 Ra2 30. Kc1 Bf6 31. Kb1 Rxa3 32. Kb2 Rxd3 33. Bxd3
Bxd4+ 34. Kb3 Bxc5 35. Rc1 Be7 36. f4 O-O 37. Rc7 Bd6 38. Ra7 Bxf4 39. Rxa5 g6
40. h4 Rc8 41. h5 gxh5 42. gxh5 Kg7 0-1

[Event "Int. Stuttgarter Stadtmeisterschaft B"]
[Site "Ditzingen"]
[Date "2014.05.29"]
[Round "3.26"]
[White "Haro, Niel"]
[Black "Hamm, Julian"]
[Result "0-1"]
[WhiteElo "1526"]
[BlackElo "1743"]
[PlyCount "62"]
[EventDate "2014.??.??"]
[WhiteTeam "Stuttgarter SF 1879"]
[BlackTeam "M�nchfelder SV 1967"]

1. Nf3 d5 2. d4 e6 3. g3 Nf6 4. Bg2 Bd6 5. Bg5 h6 6. Bxf6 Qxf6 7. Nc3 O-O 8.
O-O c6 9. e4 Qe7 10. Re1 Bb4 11. exd5 Bxc3 12. bxc3 cxd5 13. Qd3 Qc7 14. Ne5
Nc6 15. Ng4 Na5 16. Ne5 Bd7 17. Rab1 a6 18. Qf3 Bb5 19. Bf1 Bxf1 20. Kxf1 b5
21. Kg1 Nc4 22. Qe3 Rab8 23. Nxc4 bxc4 24. Qd2 Qa5 25. Qe3 Qxa2 26. Ra1 Qxc2
27. Rec1 Qf5 28. Rxa6 Rb2 29. Ra3 Rfb8 30. Raa1 R8b3 31. f3 Qh3 0-1